[Event "FRA-ch U08 Girls"]
[Site "Aix les Bains"]
[Date "2006.??.??"]
[Round "3"]
[White "Auvray, Honorine"]
[Black "Baque, Perle"]
[Result "1-0"]
[WhiteElo "1400"]
[BlackElo "1160"]
[PlyCount "71"]
[EventDate "2006.04.16"]
[EventType "swiss"]
[EventRounds "9"]
[EventCountry "FRA"]
[SourceTitle "EXT 2007"]
[Source "ChessBase"]
[SourceDate "2006.11.23"]
[SourceVersion "1"]
[SourceVersionDate "2006.11.23"]
[SourceQuality "1"]

1. e4 d5 2. exd5 Qxd5 3. Nc3 Qa5 4. d4 Nf6 5. Nf3 Bg4 6. Be2 g6 7. 0-0 Bg7 8. Bf4 0-0 9. h3 Bf5 10. Nb5 c6 11. Nc7 Nbd7 12. Nxa8 Rxa8 13. Bd3 Be6 14. Qd2 Qd8 15. Bh6 Bd5 16. Bxg7 Kxg7 17. Qf4 c5 18. c3 Bxf3 19. Qxf3 e5 20. Qxb7 cxd4 21. cxd4 exd4 22. Be4 Nb6 23. a4 Nfd7 24. a5 Nc5 25. Qc6 Rc8 26. Qb5 Qd6 27. axb6 axb6 28. Bd3 Rc7 29. Ra6 Nxa6 30. Qxa6 Re7 31. Qc4 Re5 32. f4 Rc5 33. Qb3 g5 34. fxg5 Rxg5 35. Qxf7+ Kh6 36. Qxh7# 1-0